Statistics for Divided Country Name Puzzle #2

Click here to take the quiz!

General Stats

  • This quiz has been taken 34,621 times
  • The average score is 15 of 20

Answer Stats

Country Name % Correct
KAZAKHSTANKazakhstan
95%
ALBANIAAlbania
94%
NETHERLANDSNetherlands
92%
DOMINICADominica
90%
KYRGYZSTANKyrgyzstan
89%
ARGENTINAArgentina
89%
SLOVAKIASlovakia
88%
SIERRALEONESierra Leone
82%
MONGOLIAMongolia
79%
GEORGIAGeorgia
77%
HONDURASHonduras
73%
MAURITIUSMauritius
72%
BELARUSBelarus
71%
SOUTHKOREASouth Korea
70%
BULGARIABulgaria
59%
FINLANDFinland
58%
BOLIVIABolivia
57%
TURKEYTurkey
50%
MEXICOMexico
44%
GAMBIAGambia
44%

Score Distribution

Percentile by Number Answered

Percent of People with Each Score

Your Score History

You have not taken this quiz